Poverty and charity in medieval Islam : Mamluk Egypt, 1250-1517 /

محفوظ في:

المؤلف الرئيسي: Sabra, Adam Abdelhamid, ‏ 1968- (مؤلف)

التنسيق: كتاب

اللغة: English

سلاسل: Cambridge studies in Islamic civilization.

الموضوعات:

الوسوم: إضافة وسم

لا توجد وسوم, كن أول من يضع وسما على هذه التسجيلة!

رقم الطلب: HC830 .Z9 P625

LEADER 01046nam a22003017a 4500
003 OSt
005 20250821105850.0
008 250303s2000 enk g b 001 0 eng d
010 |a 00023607 
020 |a 0521772915 
040 |c ARCE Library 
043 |a f-ua--- 
050 4 |a HC830 .Z9   |b P625  
100 1 |a Sabra, Adam Abdelhamid, ‏  |d 1968-   |e author 
245 1 0 |a Poverty and charity in medieval Islam :   |b Mamluk Egypt, 1250-1517 /   |c Adam Sabra. 
264 1 |a Cambridge, UK ;   |a New York :   |b Cambridge University Press,   |c 2000. 
300 |a xiii, 192 pages ;   |c 24 cm. 
490 0 |a Cambridge studies in Islamic civilization. 
500 |a OCLC 43615348 
504 |a Includes bibliographical references (pages178-184) and index. 
650 0 |a Charities  |z Egypt  |x History  |y 1250-1517. 
650 0 |a Islamic civilization. 
650 0 |a Mamelukes  |x Economic conditions  |x Attitudes. 
650 0 |a Poverty  |x Religious aspects  |x Islam. 
650 0 |a Poverty  |z Egypt  |x History  |y 1250-1517. 
901 |a reviewed 
942 |c BK  |2 lcc 
999 |c 22032  |d 22032